Unamuno, libelista (Record no. 45727)

MARC details
000 -LEADER
campo de control de longitud fija 00883nam a2200253 i 4500
001 - NÚMERO DE CONTROL
campo de control 45727
003 - IDENTIFICADOR DE NÚMERO DE CONTROL
campo de control ES-MaACL
005 - FECHA Y HORA DE LA ÚLTIMA TRANSACCIÓN
campo de control 20250418063150.0
007 - CAMPO FIJO DE DESCRIPCIÓN FÍSICA--INFORMACIÓN GENERAL
campo de control de longitud fija t|
008 - DATOS DE LONGITUD FIJA--INFORMACIÓN GENERAL
campo de control de longitud fija 030326s1968 sp ac |||| |dspa d
080 ## - NÚMERO DE LA CLASIFICACIÓN DECIMAL UNIVERSAL
Número de la Clasificación Decimal Universal 929 Unamuno, Miguel de
080 ## - NÚMERO DE LA CLASIFICACIÓN DECIMAL UNIVERSAL
Número de la Clasificación Decimal Universal 929 Alfonso XIII
100 1# - ENTRADA PRINCIPAL--NOMBRE DE PERSONA
Nombre de persona Comín Colomer, Eduardo,
Fechas asociadas al nombre 1908-1975
9 (RLIN) 40010
245 10 - MENCIÓN DEL TÍTULO
Título Unamuno, libelista
Resto del título : sus campañas contra Alfonso XIII y la dictadura /
Mención de responsabilidad, etc. por Eduardo Comín Colomer.
260 ## - PUBLICACIÓN, DISTRIBUCIÓN, ETC.
Lugar de publicación, distribución, etc. Madrid :
Nombre del editor, distribuidor, etc. Vassallo de Mumbert,
Fecha de publicación, distribución, etc. 1968.
300 ## - DESCRIPCIÓN FÍSICA
Extensión 176 p. :
Otras características físicas il. ;
Dimensiones 27 cm.
490 1# - MENCIÓN DE SERIE
Mención de serie Siglo ilustrado
504 ## - NOTA DE BIBLIOGRAFÍA, ETC.
Nota de bibliografía, etc. Referencias bibliográficas.
600 04 - PUNTO DE ACCESO ADICIONAL DE MATERIA--NOMBRE DE PERSONA
Nombre de persona Alfonso
Numeración XIII,
Títulos y otros términos asociados al nombre Rey de España
9 (RLIN) 235132
600 14 - PUNTO DE ACCESO ADICIONAL DE MATERIA--NOMBRE DE PERSONA
Nombre de persona Unamuno, Miguel de,
Fechas asociadas al nombre 1864-1936-
Subdivisión general Pensamiento político
9 (RLIN) 111988
830 0# - PUNTO DE ACCESO ADICIONAL DE SERIE-TÍTULO UNIFORME
Título uniforme Siglo ilustrado
9 (RLIN) 176630
852 ## - LOCALIZACIÓN
Ubicación ES-MaACL
Número de control de estantería 2292-F-13
Encuadernación C-42326
Signatura antigua
Holdings
Estatus retirado Estado de pérdida Estado de daño No para préstamo Colección Biblioteca de origen Biblioteca actual Ubicación en estantería Fecha de adquisición Fuente de adquisición Total de préstamos Signatura topográfica completa Código de barras Visto por última vez Precio de reemplazo Tipo de ítem Koha
        Colección de folletos Biblioteca del Ateneo de Madrid Biblioteca del Ateneo de Madrid Depósito folletos 17/01/2008     2292-F-13 1048108 23/02/2023 23/02/2023 Folleto